000 00525nam a2200181Ia 4500
001 25278
005 20260414151139.0
008 260414t2007||||xx |||||||||||||| ||spa||
041 _aESP
082 _a346.431
_bE91
100 _aEsquivel Oviedo, Juan Carlos [1977-...]
_eAUT
245 0 _aGuía operativa de jurisprudencia registral :
_bguía sistematizada de resoluciones del tribunal registral
260 _c2007
300 _a247 páginas :
_c24 cm.
650 _aDER
654 _aCDE
942 _cLIB
_dJUS
_fJUS
_2ddc
_n
999 _c25278
_d25278